| 000 | 00609nam a2200193 i 4500 | ||
|---|---|---|---|
| 001 | 83704 | ||
| 003 | ES-MaACL | ||
| 007 | t| | ||
| 008 | 041118s1984 sp ||||1| spa d | ||
| 020 | _a84-398-1044-X | ||
| 100 | 1 |
_aJardiel Poncela, Enrique. _966113 |
|
| 245 | 1 | 0 |
_aEloísa está debajo de un almendro / _cEnrique Jardiel Poncela. |
| 260 |
_a[Madrid] : _bCentro Dramático Nacional, _c[1984] |
||
| 300 |
_a340 p. : _bil. ; _c21 cm. |
||
| 490 | 1 |
_aCentro Dramático Nacional ; _v2 |
|
| 830 | 0 |
_aCentro Dramático Nacional ; _v2 _9184452 |
|
| 852 |
_aES-MaACL _jL-8064 _bR.108653 |
||
| 999 |
_c83704 _d83704 |
||